Cálculo y ejecución de las obras de hormigón armado / (Record no. 64648)
[ view plain ]
| 000 -LEADER | |
|---|---|
| campo de control de longitud fija | 00987nam a2200217 i 4500 |
| 001 - NÚMERO DE CONTROL | |
| campo de control | 64648 |
| 003 - IDENTIFICADOR DE NÚMERO DE CONTROL | |
| campo de control | ES-MaACL |
| 005 - FECHA Y HORA DE LA ÚLTIMA TRANSACCIÓN | |
| campo de control | 20230906165159.0 |
| 007 - CAMPO FIJO DE DESCRIPCIÓN FÍSICA--INFORMACIÓN GENERAL | |
| campo de control de longitud fija | t| |
| 008 - DATOS DE LONGITUD FIJA--INFORMACIÓN GENERAL | |
| campo de control de longitud fija | 031230s1956 sp ||||1| spa d |
| 100 1# - ENTRADA PRINCIPAL--NOMBRE DE PERSONA | |
| Nombre de persona | Forestier, Víctor. |
| 9 (RLIN) | 51737 |
| 245 10 - MENCIÓN DEL TÍTULO | |
| Título | Cálculo y ejecución de las obras de hormigón armado / |
| Mención de responsabilidad, etc. | V. Forestier ; versión de la tercera edición francesa por M. Kraemer Morata. |
| 250 ## - MENCION DE EDICION | |
| Mención de edición | 1ª ed. |
| 260 ## - PUBLICACIÓN, DISTRIBUCIÓN, ETC. | |
| Lugar de publicación, distribución, etc. | Barcelona : |
| Nombre del editor, distribuidor, etc. | José Montesó, |
| Fecha de publicación, distribución, etc. | 1956 ( |
| Fabricante | Imp. Juvenil) |
| 300 ## - DESCRIPCIÓN FÍSICA | |
| Extensión | 4 t. ; |
| Dimensiones | 22 cm. |
| 505 8# - NOTA DE CONTENIDO CON FORMATO | |
| Nota de contenido con formato | Contiene: T.1: Método general de Cálculo : puesta en obra. -- T.2: Fundaciones y superestructura de los edificios : silos, canalizaciones, depósitos. -- T.3: Muros de contención. Puentes. -- T.4: Puentes / versión de la cuarta edición francesa por Carlos Ferrer Kutter |
| 650 #4 - PUNTO DE ACCESO ADICIONAL DE MATERIA--TÉRMINO DE MATERIA | |
| Término de materia o nombre geográfico como elemento de entrada | Hormigón armado. |
| 9 (RLIN) | 155789 |
| 700 1# - ENTRADA AGREGADA--NOMBRE PERSONAL | |
| Nombre de persona | Kraemer Morata, Martín. |
| 9 (RLIN) | 68699 |
| 700 1# - ENTRADA AGREGADA--NOMBRE PERSONAL | |
| Nombre de persona | Ferrer Kutter, Carlos. |
| 9 (RLIN) | 50480 |
| 852 ## - LOCALIZACIÓN | |
| Ubicación | ES-MaACL |
| Número de control de estantería | C-14606-9 |
| Sublocalización o colección | R.39127 |
| Estatus retirado | Estado de pérdida | Estado de daño | No para préstamo | Biblioteca de origen | Biblioteca actual | Ubicación en estantería | Fecha de adquisición | Fuente de adquisición | Total de préstamos | Signatura topográfica completa | Código de barras | Visto por última vez | Precio de reemplazo | Tipo de ítem Koha |
|---|---|---|---|---|---|---|---|---|---|---|---|---|---|---|
| Biblioteca del Ateneo de Madrid | Biblioteca del Ateneo de Madrid | Ficheros | 17/01/2008 | C-14606-9 | 1067741 | 23/02/2023 | 23/02/2023 | Libro impreso |
